Developing leadership for the global era: HRD perspectives and initiatives (Record no. 135153)

MARC details
000 -LEADER
fixed length control field 00364nam a2200133Ia 4500
008 - FIXED-LENGTH DATA ELEMENTS--GENERAL INFORMATION
fixed length control field 230917s9999||||xx |||||||||||||| ||und||
040 ## - CATALOGING SOURCE
-- 219271
Original cataloging agency VIVEKANANDA LIBRARY
041 ## - Language
-- English
082 ## - DDC NUMBER
Classification number 658.4092 J199D
100 ## - MAIN ENTRY--PERSONAL NAME
Personal name Jain, Uma, ed.
245 #0 - TITLE STATEMENT
Title Developing leadership for the global era: HRD perspectives and initiatives
260 ## - PUBLICATION, DISTRIBUTION, ETC. (IMPRINT)
Place of publication, distribution, etc 2005
Name of publisher, distributor, etc x, 340
942 ## - ADDED ENTRY ELEMENTS (KOHA)
Koha item type Books
Holdings
Withdrawn status Lost status Damaged status Not for loan Location (home branch) Sublocation or collection (holding branch) Date acquired Koha issues (times borrowed) Koha full call number Accession No. Koha date last seen Koha item type
        VIVEKANANDA LIBRARY VIVEKANANDA LIBRARY 12/09/2014   658.4092 J199D 234966 17/09/2023 Books
© Designed and Maintained by Vivekananda Library, MDU Rohtak